00469nam a2200157Ia 450000500170000000800410001708200130005810000170007124500240008826000410011230000130015350000250016694200060019195200990019799900150029620250404030230.0240331s9999 xx 000 0 und d bSOMa894 aSomakanthan, 0aVidivelli poothathu aVadapalanibKumaran Publishersc1993 a158 p ., aA Tamil Social Novel cL 001040708LaWERCLbWERCLcSSCd2024-03-31l0o 894.811 SOMp3943r2024-03-31w2024-03-31yL c4128d4128